00723cam a22002295i 45000010009000000050017000090080041000260200016000670400028000830820022001111000017001332450045001502600056001953000019002514900045002706500021003156500028003366500017003649420006003819520093003879990013004801862239220240206061900.0150519s1966 enkb 000 0 eng  a0521051177. aDLCbengerdacDLCdDLC 222a306.096.bJAC1 aGoody, Jack.10aSuccession to high office /cJack Goody. aNew York :bThe Cambridge university press ,c1966. aviii, 181 p ,:1 aCambridge papers in social anthropology  0aKings and rulers 0aBantu-speaking peoples. 0aBlack people cL 001040708LaWERCLbWERCLd2024-02-06l0o306.096. JACp350r2024-02-06w2024-02-06yL c318d318